000 00355nam a2200133Ia 4500
008 231129s1986||||xx |||||||||||||| ||spa||
020 _a968-24-1168-8
040 _bspa
082 _a630.715 E96e
245 0 _aExtensión y capacitación rurales
260 _c1986
264 _aMéxico : Trillas
942 _2ddc
_cBKS
999 _c13830
_d13830